[Event "AUS-ch U18"]
[Site "Adelaide"]
[Date "2003.01.18"]
[Round "6"]
[White "Barnard, Casey T"]
[Black "Watson, Nathan"]
[Result "1-0"]
[WhiteElo "1587"]
[BlackElo "1437"]
[PlyCount "63"]
[EventDate "2003.01.??"]
[EventType "swiss"]
[EventRounds "11"]
[EventCountry "AUS"]
[SourceTitle "EXT 2006"]
[Source "ChessBase"]
[SourceDate "2005.11.24"]
[SourceVersion "1"]
[SourceVersionDate "2005.11.24"]
[SourceQuality "1"]

1. e4 d5 2. exd5 Nf6 3. d4 Bg4 4. Be2 Bxe2 5. Nxe2 Qxd5 6. 0-0 Nc6 7. Nbc3 Qd7 8. Bf4 0-0-0 9. Nb5 Nd5 10. Bg3 a6 11. a4 axb5 12. axb5 Nb8 13. c4 Nb6 14. c5 Qxb5 15. Nc3 Qc6 16. cxb6 Qxb6 17. Na4 Qb5 18. Qc1 Na6 19. Qf4 Kb8 20. Nc5 e5 21. Nxa6+ bxa6 22. dxe5 Rd7 23. Rad1 Bc5 24. Rxd7 Qxd7 25. Qc4 Bb6 26. Qxa6 Rd8 27. h3 Qe6 28. Kh2 Rd2 29. Ra1 Qd5 30. e6 Bxf2 31. Bxf2 Rxf2 32. Qa7+ 1-0

[Event "AUS-ch U18"]
[Site "Adelaide"]
[Date "2003.01.15"]
[Round "4"]
[White "Watson, Nathan"]
[Black "Stojic, Svetozar"]
[Result "1-0"]
[WhiteElo "1437"]
[BlackElo "1717"]
[PlyCount "129"]
[EventDate "2003.01.??"]
[EventType "swiss"]
[EventRounds "11"]
[EventCountry "AUS"]
[SourceTitle "EXT 2006"]
[Source "ChessBase"]
[SourceDate "2005.11.24"]
[SourceVersion "1"]
[SourceVersionDate "2005.11.24"]
[SourceQuality "1"]

1. d4 Nf6 2. c4 g6 3. f3 Bg7 4. Nc3 0-0 5. e4 d6 6. Be3 e5 7. d5 c6 8. Nge2 c5 9. Qd2 Na6 10. 0-0-0 Nc7 11. h4 Rb8 12. h5 b5 13. Ng3 b4 14. Nb1 Na8 15. hxg6 fxg6 16. Bd3 Qa5 17. b3 Qc7 18. Bh6 a5 19. Bxg7 Kxg7 20. Qh6+ Kg8 21. Rd2 a4 22. Kd1 Nb6 23. Ke2 Ra8 24. Rc2 Ra7 25. Rd2 Bb7 26. Rb2 Qg7 27. Qg5 Rfa8 28. Rc2 axb3 29. axb3 Ra2 30. Rh6 Kf7 31. Rh1 Rxc2+ 32. Bxc2 Ra2 33. Kd3 Nc8 34. Rh6 Ne7 35. Rh1 Neg8 36. Ne2 h6 37. Qe3 Nh7 38. g3 Qf6 39. f4 exf4 40. Qxf4 Ng5 41. Rf1 Kg7 42. Qxf6+ Nxf6 43. Nd2 Nfxe4 44. Nxe4 Nxe4 45. Kxe4 Rxc2 46. Nf4 h5 47. Ne6+ Kh6 48. Rf8 g5 49. Rf6+ Kh7 50. Rf7+ Kg6 51. Rxb7 h4 52. gxh4 gxh4 53. Nf4+ Kf6 54. Rd7 Rc3 55. Rxd6+ Kf7 56. Nd3 Rxb3 57. Rh6 Rc3 58. Ne5+ Kg7 59. Rxh4 b3 60. Rh1 Kf6 61. d6 Rc2 62. Kd3 Ke6 63. d7 Ke7 64. Rh7+ Kd8 65. Rh8+ 1-0

[Event "AUS-ch U18"]
[Site "Adelaide"]
[Date "2003.01.14"]
[Round "3"]
[White "Perkovic, Matthew"]
[Black "Watson, Nathan"]
[Result "1/2-1/2"]
[WhiteElo "1639"]
[BlackElo "1437"]
[PlyCount "39"]
[EventDate "2003.01.??"]
[EventType "swiss"]
[EventRounds "11"]
[EventCountry "AUS"]
[SourceTitle "EXT 2006"]
[Source "ChessBase"]
[SourceDate "2005.11.24"]
[SourceVersion "1"]
[SourceVersionDate "2005.11.24"]
[SourceQuality "1"]

1. d4 Nf6 2. Nf3 g6 3. c4 Bg7 4. Nc3 0-0 5. e4 d6 6. Be2 Nc6 7. 0-0 e5 8. d5 Ne7 9. Ne1 Ne8 10. Nd3 f5 11. f4 fxe4 12. Nxe4 exf4 13. Nxf4 Nf5 14. Ng3 Bd4+ 15. Kh1 Nxg3+ 16. hxg3 Be5 17. Bg4 Ng7 18. Bxc8 Rxc8 19. Be3 Qe7 20. Qd3 1/2-1/2